Normal view
MARC view
- Pound, Ezra,
Entry Personal Name
001 - CONTROL NUMBER
- control field: 11740
003 - CONTROL NUMBER IDENTIFIER
- control field: NUST
005 - DATE AND TIME OF LATEST TRANSACTION
- control field: 20180717101350.0
008 - FIXED-LENGTH DATA ELEMENTS
- fixed length control field: 180717|| aca||aabn | a|a d
040 ## - CATALOGING SOURCE
- Original cataloging agency: NUST
- Transcribing agency: NUST
100 ## - HEADING--PERSONAL NAME
- Personal name: Pound, Ezra,
- Dates associated with a name: 1885-1972
- General subdivision: Friends and associates.
670 ## - SOURCE DATA FOUND
- Source citation: Work cat.: (NUST)0: Berendt, John, 1939- 11739, The city of falling angels /, 2005.
